000 00280nam a22001337a 4500
008 170906b xxu||||| |||| 00| 0 eng d
020 _a9780964260122
041 _aeng
080 _a72
100 _a71
101 _aARK
245 _aTHE CLASSICIST
_cJOHN, R
942 _2udc
_cBK
999 _c26233
_d26233